| 000 | 01587nam1a2200301 i 4500 | ||
|---|---|---|---|
| 001 | RU\NLR\bibl\533724 | ||
| 005 | 20260407123701.0 | ||
| 035 | _a(NLR Aleph) 000526010 | ||
| 090 |
_a1323064 _c1323064 |
||
| 100 | _a20040625g20039999u y0rusy50 ca | ||
| 101 | 0 | _arus | |
| 102 | _aRU | ||
| 105 | _a||||z ||||| | ||
| 200 | 1 |
_aИз истории ОАО "АвтоВАЗ" _eСб. ст. студентов ист. фак. Тольят. гос. ун-та _e(По материалам диплом. работ) _fОткрытое АО "АвтоВАЗ". Тольят. гос. ун-т. Ист. фак. Лаб. социал. истории _g[Редкол.: д.и.н., проф. А.Э. Лившиц и др.] |
|
| 210 |
_aТольятти _cИзд-во ТГУ _d2003 |
||
| 215 | _d21 | ||
| 463 | 0 | _1001532152 | |
| 601 | 0 | 2 |
_a"АвтоВАЗ", акционерное общество _cТольятти, город; Самарская область _jСборники _xИстория _92336750 _3RU\NLR\AUTH\661397018 |
| 686 | 1 | _aУ30(2)585.152.731.092я43 | |
| 702 | 1 |
_aЛившиц _bА. Э. _gАнатолий Эммануилович _4340 |
|
| 711 | 0 | 2 |
_aТольяттинский государственный университет _bИсторический факультет _3RU\NLR\AUTH\8810054012 _9608455 |
| 712 | 0 | 2 |
_4570 _a"АвтоВАЗ", акционерное общество _cТольятти _3RU\NLR\AUTH\889963459 _9423190 |
| 801 | 0 |
_aRU _bNLR _c20040625 _gPSBO |
|
| 801 | 1 |
_aRU _bNLR _c20040625 |
|
| 852 |
_aNLR _j2004-4/12705 |
||
| 942 | _cBOOK | ||